000 00606nam a22001937a 4500
008 150327b xxu||||| |||| 00| 0 eng d
020 _a9780071778527 (alk. paper)
020 _a0071778527 (alk. paper)
041 0 _aeng
080 _a658.624
100 1 _aKates, Andrea.
245 1 0 _aFind your next :
_cby Andrea Kates.
260 _aNew York:
_bMcGraw-Hill,
_c2012.
300 _a226 f.;
_bme il.;
_c24 cm.
505 _aIndex: f.215-226
650 0 _aProduktet
650 0 _aPlanifikim strategjik
942 _2udc
_cBK
999 _c554
_d554